Labour and the British state (Record no. 1851337)

MARC details
000 -LEADER
fixed length control field 00599nam a22002057a 4500
005 - DATE AND TIME OF LATEST TRANSACTION
control field 20260513113403.0
008 - FIXED-LENGTH DATA ELEMENTS--GENERAL INFORMATION
fixed length control field 260513b |||||||| |||| 00| 0 eng d
020 ## - INTERNATIONAL STANDARD BOOK NUMBER
International Standard Book Number 0198761864
037 ## - SOURCE OF ACQUISITION
Terms of availability TB
040 ## - CATALOGING SOURCE
Original cataloging agency AL
Transcribing agency AL
084 ## - COLON CLASSIFICATION NUMBER
Classification number V3,4M93.N7 M5
Assigning agency AL
100 ## - MAIN ENTRY--PERSONAL NAME
Personal name Jones, Barry
9 (RLIN) 1239246
245 ## - TITLE STATEMENT
Title Labour and the British state
260 ## - PUBLICATION, DISTRIBUTION, ETC.
Place of publication, distribution, etc. Oxford, UK:
Name of publisher, distributor, etc. Clarendon Press,
Date of publication, distribution, etc. 1985.
300 ## - PHYSICAL DESCRIPTION
Extent 214p.
650 ## - SUBJECT ADDED ENTRY--TOPICAL TERM
Source of heading or term Great Britain-History
650 ## - SUBJECT ADDED ENTRY--TOPICAL TERM
Source of heading or term Great Britain-Politics and government
942 ## - ADDED ENTRY ELEMENTS (KOHA)
Source of classification or shelving scheme Colon Classification (CC)
Koha item type Textbook
Classification part V3,4M93.N7 M5
Suppress in OPAC No
Holdings
Withdrawn status Lost status Source of classification or shelving scheme Damaged status Not for loan Home library Current library Date acquired Total Checkouts Full call number Barcode Date last seen Price effective from Koha item type
    Colon Classification (CC)     Central Library Central Library 2026-05-13   V3,4M93.N7 M5 AL0867081 2026-05-13 2026-05-13 Textbook
Copyright @ Delhi University Library System